[Event "Quebec-ch Senior"]
[Site "Montreal CAN"]
[Date "2018.04.21"]
[Round "3.9"]
[White "Dubreuil, Raymond"]
[Black "Michaud, Luc"]
[Result "1/2-1/2"]
[WhiteElo "1507"]
[BlackElo "1714"]
[PlyCount "59"]
[EventDate "2018.04.20"]
[EventType "swiss"]
[EventRounds "5"]
[EventCountry "CAN"]

1. Nf3 Nf6 2. g3 d5 3. c4 c6 4. b3 g6 5. Bb2 Bg7 6. Bg2 O-O 7. O-O Nbd7 8. Nc3
Qc7 9. Rc1 dxc4 10. bxc4 e5 11. Ng5 Re8 12. Nge4 Nxe4 13. Nxe4 Nf6 14. Nc5 Qa5
15. Na4 Bg4 16. f3 Be6 17. Bc3 Qc7 18. d3 Rad8 19. Qe1 Bc8 20. Nc5 Bf8 21. Ne4
Nxe4 22. fxe4 Bc5+ 23. Kh1 Qe7 24. Qd2 Kg7 25. Rb1 f6 26. Bb4 b6 27. Bxc5 Qxc5
28. Qe1 Qe7 29. Qf2 Rf8 30. Qe3 1/2-1/2

[Event "Quebec-ch Senior"]
[Site "Montreal CAN"]
[Date "2018.04.21"]
[Round "3.10"]
[White "Kozlov, Guennadi"]
[Black "Giroux, Gilbert"]
[Result "1-0"]
[WhiteElo "1680"]
[BlackElo "1305"]
[PlyCount "97"]
[EventDate "2018.04.20"]
[EventType "swiss"]
[EventRounds "5"]
[EventCountry "CAN"]

1. c4 Nf6 2. g3 g6 3. Bg2 Bg7 4. Nc3 c6 5. e3 O-O 6. Nge2 e5 7. O-O d6 8. d4
exd4 9. exd4 Re8 10. Bg5 h6 11. Bd2 Bg4 12. h3 Bf5 13. Be3 Ne4 14. g4 Nxc3 15.
Nxc3 Bd7 16. Qd2 Kh7 17. Bf4 Qf6 18. Rad1 Na6 19. Ne4 Qe7 20. Nxd6 Red8 21.
Rfe1 Qf8 22. Nxb7 Re8 23. Nd6 Re6 24. Rxe6 fxe6 25. Bg3 Nc7 26. Qa5 Ne8 27. Ne4
Nf6 28. Nc5 Rd8 29. Bc7 Re8 30. Nxd7 Nxd7 31. Bxc6 Qf7 32. Bg3 Rc8 33. Qa4 Nb6
34. Qb5 Rd8 35. d5 exd5 36. Bxd5 Qf6 37. b3 Nc8 38. Qa5 Rf8 39. Qd2 Nb6 40. Bg2
Rf7 41. Qc2 Bf8 42. c5 Nc8 43. c6 Bd6 44. Bxd6 Nxd6 45. Rd2 Nb5 46. Rd7 Nd4 47.
Rxf7+ Qxf7 48. Qd3 Ne6 49. Bd5 1-0

[Event "Quebec-ch Senior"]
[Site "Montreal CAN"]
[Date "2018.04.21"]
[Round "3.11"]
[White "Pincince, Jacques"]
[Black "Millette, Sylvain"]
[Result "1/2-1/2"]
[WhiteElo "1506"]
[BlackElo "1695"]
[PlyCount "69"]
[EventDate "2018.04.20"]
[EventType "swiss"]
[EventRounds "5"]
[EventCountry "CAN"]

1. e4 Nf6 2. Nc3 d5 3. exd5 Nxd5 4. Nxd5 Qxd5 5. d4 Nc6 6. Be3 e6 7. Nf3 b6 8.
Be2 Be7 9. O-O Bb7 10. c3 O-O 11. Qc2 Rad8 12. Bd3 Qh5 13. Bf4 Bd6 14. Bg3 h6
15. Rae1 Nb4 16. cxb4 Bxf3 17. gxf3 Qxf3 18. Be4 Qh5 19. a3 f5 20. Bxd6 Rxd6
21. Bg2 Rf7 22. f4 g5 23. d5 exd5 24. Re8+ Kh7 25. Re5 gxf4 26. Rxf4 Rdf6 27.
Rxd5 Qg6 28. Rd3 Qg5 29. Qf2 Rc6 30. Rd1 Rg6 31. Kh1 Rfg7 32. Bh3 Qh5 33. Rf3
f4 34. Rf1 Qd5 35. Qe2 1/2-1/2

[Event "Quebec-ch Senior"]
[Site "Montreal CAN"]
[Date "2018.04.21"]
[Round "3.12"]
[White "Marchand, Jacques"]
[Black "Bedard, Michel"]
[Result "1/2-1/2"]
[WhiteElo "1915"]
[BlackElo "1610"]
[PlyCount "74"]
[EventDate "2018.04.20"]
[EventType "swiss"]
[EventRounds "5"]
[EventCountry "CAN"]

1. e4 e5 2. Nf3 Nf6 3. Nxe5 d6 4. Nc4 Nxe4 5. Qe2 Qe7 6. Ne3 Be6 7. Nc3 Nxc3 8.
bxc3 g6 9. g3 Bg7 10. Bg2 c6 11. O-O O-O 12. a4 Qc7 13. Ba3 Re8 14. d4 d5 15.
Qd3 Nd7 16. c4 dxc4 17. Nxc4 Bxc4 18. Qxc4 Nb6 19. Qb3 Bxd4 20. a5 Bxa1 21.
Rxa1 Nd5 22. c4 Nf6 23. Bb2 Nd7 24. h4 f6 25. c5+ Kg7 26. Qc4 Rf8 27. Bh3 Rad8
28. Re1 Nb8 29. h5 g5 30. Re6 Qf7 31. Qc3 Qxh5 32. g4 Rd1+ 33. Kg2 Qh6 34. Rxf6
Rxf6 35. Qe3 Kg8 36. Bxf6 Qf8 37. Qe6+ Qf7 1/2-1/2

[Event "Quebec-ch Senior"]
[Site "Montreal CAN"]
[Date "2018.04.21"]
[Round "3.13"]
[White "Labadie, Bernard"]
[Black "Duplessis, Claude"]
[Result "0-1"]
[WhiteElo "1371"]
[BlackElo "1530"]
[PlyCount "46"]
[EventDate "2018.04.20"]
[EventType "swiss"]
[EventRounds "5"]
[EventCountry "CAN"]

1. c4 f5 2. e3 Nf6 3. g3 e6 4. Bg2 Be7 5. Nc3 O-O 6. Nge2 d6 7. Nf4 c6 8. d3
Qe8 9. O-O e5 10. Nfe2 Be6 11. b4 e4 12. Nd4 Qf7 13. Nxe6 Qxe6 14. Bb2 Nbd7 15.
Rc1 exd3 16. b5 Rac8 17. bxc6 bxc6 18. Qa4 Ne5 19. Nd1 Ne4 20. Bc3 Nc5 21. Qxa7
Ra8 22. Qc7 Rfc8 23. Qb6 Rcb8 0-1

[Event "Quebec-ch Senior"]
[Site "Montreal CAN"]
[Date "2018.04.22"]
[Round "4.2"]
[White "Khassanov, Marat"]
[Black "Morin, Louis"]
[Result "1-0"]
[WhiteElo "2200"]
[BlackElo "1839"]
[PlyCount "67"]
[EventDate "2018.04.20"]
[EventType "swiss"]
[EventRounds "5"]
[EventCountry "CAN"]

1. e4 e5 2. Bc4 Nf6 3. d3 d5 4. exd5 Nxd5 5. Nf3 Nc6 6. h3 Be7 7. O-O O-O 8.
Re1 Qd6 9. Qe2 Bf6 10. Nbd2 Nf4 11. Qe3 Nd4 12. Ne4 Nxc2 13. Nxd6 Nxe3 14. fxe3
Nxd3 15. Bxd3 cxd6 16. Be4 Be7 17. b3 Rb8 18. Ba3 Re8 19. Red1 f5 20. Bd5+ Kf8
21. Ng5 g6 22. Ne6+ Bxe6 23. Bxe6 Red8 24. Rac1 a5 25. Rc7 b5 26. g4 b4 27. Bc1
Kg7 28. gxf5 Kf6 29. e4 gxf5 30. exf5 Rh8 31. Bh6 e4 32. h4 Bf8 33. Bg5+ Ke5
34. Rd5# 1-0

[Event "Quebec-ch Senior"]
[Site "Montreal CAN"]
[Date "2018.04.22"]
[Round "4.3"]
[White "Gauthier, Luc"]
[Black "Gueorguiev, Valentin"]
[Result "1-0"]
[WhiteElo "1654"]
[BlackElo "1956"]
[PlyCount "71"]
[EventDate "2018.04.20"]
[EventType "swiss"]
[EventRounds "5"]
[EventCountry "CAN"]

1. e4 c5 2. Nc3 Nc6 3. g3 g6 4. Bg2 Bg7 5. d3 d6 6. f4 Nf6 7. Nf3 O-O 8. O-O
Rb8 9. h3 b5 10. g4 a5 11. Ne2 Nd7 12. Ng3 a4 13. Rb1 b4 14. f5 Qb6 15. Be3 b3
16. axb3 axb3 17. c4 Nde5 18. Nxe5 Bxe5 19. Bf4 Bd4+ 20. Kh1 Bd7 21. f6 Bxf6
22. Bxd6 Ra8 23. Rxf6 exf6 24. Bxf8 Kxf8 25. Qd2 Kg7 26. g5 Ne5 27. gxf6+ Qxf6
28. Rf1 Qd6 29. Qg5 Kh8 30. Qh6 Ng4 31. hxg4 Qxg3 32. Rxf7 Ra1+ 33. Bf1 Rxf1+
34. Rxf1 Be6 35. Qf8+ Bg8 36. Qf6# 1-0

[Event "Quebec-ch Senior"]
[Site "Montreal CAN"]
[Date "2018.04.22"]
[Round "4.4"]
[White "Cote, Claude"]
[Black "Kozlov, Guennadi"]
[Result "0-1"]
[WhiteElo "1581"]
[BlackElo "1680"]
[PlyCount "142"]
[EventDate "2018.04.20"]
[EventType "swiss"]
[EventRounds "5"]
[EventCountry "CAN"]

1. e4 c6 2. g3 d5 3. exd5 cxd5 4. Bg2 Nc6 5. c3 Nf6 6. d3 h6 7. Nd2 e5 8. Ne2
Bc5 9. h3 O-O 10. b4 Bb6 11. O-O a6 12. Nf3 Re8 13. Bd2 Bf5 14. Ne1 Qd7 15. Kh2
e4 16. Nf4 exd3 17. Nfxd3 Re7 18. Nf4 Ne5 19. Be3 Bxe3 20. fxe3 Be4 21. Bxe4
dxe4 22. Qd4 Qb5 23. Kg2 Rd7 24. a4 Qxf1+ 25. Kxf1 Rxd4 26. exd4 Nc4 27. Nc2 g5
28. Ng2 Nd5 29. Na3 Nd2+ 30. Kf2 Nxc3 31. Nc2 f5 32. Nge3 f4 33. gxf4 gxf4 34.
Nf5 e3+ 35. Ncxe3 fxe3+ 36. Kxe3 Nde4 37. Nxh6+ Kh7 38. Ng4 Re8 39. Kd3 Nd5 40.
Kc4 Nb6+ 41. Kd3 Re6 42. a5 Nd5 43. Kc4 Nef6 44. Rh1 Rc6+ 45. Kb3 Rc3+ 46. Kb2
Ne4 47. Rf1 Kg7 48. Re1 Nd6 49. Re7+ Kf8 50. Rd7 Nc4+ 51. Kb1 Nxb4 52. Ne5 Nxa5
53. h4 Rh3 54. Kb2 Ke8 55. Rh7 Nd3+ 56. Kc2 Nxe5 57. dxe5 Re3 58. Rh5 Nc4 59.
Rh8+ Kd7 60. Rh7+ Kc6 61. Rh6+ Kd5 62. Rh7 b5 63. h5 Kxe5 64. h6 Rh3 65. Rh8
Nd6 66. h7 Rh6 67. Kb3 Nf7 68. Re8+ Kd5 69. Ra8 Kc5 70. Rc8+ Kb6 71. Rb8+ Ka5
0-1

[Event "Quebec-ch Senior"]
[Site "Montreal CAN"]
[Date "2018.04.22"]
[Round "4.5"]
[White "Jean, Robert"]
[Black "Barre, Michel"]
[Result "0-1"]
[WhiteElo "1763"]
[BlackElo "1885"]
[PlyCount "74"]
[EventDate "2018.04.20"]
[EventType "swiss"]
[EventRounds "5"]
[EventCountry "CAN"]

1. d4 d5 2. c4 e6 3. Nc3 Nf6 4. Bf4 c6 5. e3 Bd6 6. Bxd6 Qxd6 7. f4 dxc4 8.
Bxc4 Qb4 9. Qb3 a5 10. a3 Qxb3 11. Bxb3 Nbd7 12. Nf3 O-O 13. O-O b6 14. Rfe1
Bb7 15. Ne5 Rfd8 16. Rac1 Rac8 17. h3 c5 18. Nb5 Ne4 19. Nxf7 Kxf7 20. f5 Bd5
21. fxe6+ Kxe6 22. Bd1 Ndf6 23. dxc5 bxc5 24. g4 h6 25. Be2 Ke7 26. Kh2 Nd7 27.
Rf1 Rf8 28. Rxf8 Rxf8 29. Rf1 Rxf1 30. Bxf1 Ne5 31. Nc3 Nxc3 32. bxc3 Nc4 33.
Bxc4 Bxc4 34. Kg3 Ke6 35. h4 Ke5 36. g5 h5 37. Kf3 Bd5+ 0-1

[Event "Quebec-ch Senior"]
[Site "Montreal CAN"]
[Date "2018.04.22"]
[Round "4.6"]
[White "Levasseur, Sylvain"]
[Black "Baran, Marius"]
[Result "1/2-1/2"]
[WhiteElo "1602"]
[BlackElo "1838"]
[PlyCount "90"]
[EventDate "2018.04.20"]
[EventType "swiss"]
[EventRounds "5"]
[EventCountry "CAN"]

1. e4 c5 2. Nf3 d6 3. c3 Nf6 4. Be2 Nc6 5. d3 g6 6. Nbd2 Qb6 7. Nc4 Qc7 8. Ne3
e6 9. Nf1 Bg7 10. Ng3 O-O 11. O-O d5 12. exd5 exd5 13. h3 b6 14. Be3 Bb7 15.
Qd2 Rfe8 16. Rfe1 Rad8 17. Rad1 d4 18. cxd4 Nxd4 19. Nxd4 cxd4 20. Bf4 Qd7 21.
Rc1 Rc8 22. Rxc8 Rxc8 23. Bd1 Bd5 24. Bg5 Qc6 25. f3 Re8 26. Ne4 Nxe4 27. dxe4
Be6 28. Be2 Qb7 29. b3 Rc8 30. Rc1 h5 31. Bd3 Rc3 32. Rxc3 dxc3 33. Qc1 b5 34.
Bc2 b4 35. a4 Bd4+ 36. Be3 Qb6 37. Kf2 a5 38. Bxd4 Qxd4+ 39. Qe3 Qd8 40. Ke2
Kg7 41. Qd3 Qg5 42. Kf1 Qc1+ 43. Qd1 Qb2 44. Kg1 Kh6 45. h4 Kg7 1/2-1/2

[Event "Quebec-ch Senior"]
[Site "Montreal CAN"]
[Date "2018.04.22"]
[Round "4.7"]
[White "Lamoureux, Yvon"]
[Black "Alcantara, Maximo jr"]
[Result "0-1"]
[WhiteElo "1698"]
[BlackElo "1746"]
[PlyCount "60"]
[EventDate "2018.04.20"]
[EventType "swiss"]
[EventRounds "5"]
[EventCountry "CAN"]

1. g3 c6 2. Bg2 d5 3. d4 g6 4. Nf3 Bg7 5. O-O Nf6 6. c3 O-O 7. Nbd2 Re8 8. Re1
Bf5 9. Nh4 Bg4 10. h3 Bd7 11. e4 dxe4 12. Nxe4 Qc8 13. Kh2 Na6 14. f4 Nc7 15.
Nc5 Ncd5 16. Nxd7 Qxd7 17. Qc2 Rac8 18. b4 b6 19. Nf3 c5 20. Ne5 Qc7 21. Qb3 e6
22. Bb2 cxb4 23. cxb4 Qc2 24. Qxc2 Rxc2 25. Nd3 Nxb4 26. Rec1 Rxc1 27. Nxc1 Rc8
28. a3 Nbd5 29. Nd3 Rc2 30. Rc1 Rd2 0-1

[Event "Quebec-ch Senior"]
[Site "Montreal CAN"]
[Date "2018.04.22"]
[Round "4.8"]
[White "Michaud, Luc"]
[Black "Rabutki, Dimitri"]
[Result "1/2-1/2"]
[WhiteElo "1714"]
[BlackElo "1610"]
[PlyCount "87"]
[EventDate "2018.04.20"]
[EventType "swiss"]
[EventRounds "5"]
[EventCountry "CAN"]

1. d4 d5 2. Nf3 e6 3. Bf4 Bd6 4. e3 Bxf4 5. exf4 Nc6 6. c3 Nf6 7. Bd3 Bd7 8.
Nbd2 Ne7 9. O-O Nh5 10. g3 Ng6 11. Ne5 Nf6 12. Re1 Ne7 13. Qc2 h6 14. Ndf3 O-O
15. Nh4 Ne8 16. Re3 f5 17. Rae1 Nf6 18. f3 Nh7 19. Nxd7 Qxd7 20. Rxe6 Rae8 21.
Qe2 Kf7 22. Qe5 g6 23. Qe2 Nf6 24. Qc2 a6 25. h3 Nh5 26. Kf2 Ng7 27. R6e2 Nc6
28. g4 Rxe2+ 29. Rxe2 Ne7 30. Re5 Nc6 31. Re1 Ne7 32. Kg3 Kg8 33. Kg2 Qd6 34.
Kf2 Ne6 35. Qd2 Kg7 36. Qe3 Kf7 37. Qe5 Qxe5 38. fxe5 Kg7 39. Rf1 Ng5 40. Kg3
Ne6 41. f4 Kh7 42. Be2 c6 43. Ng2 Kg8 44. Ne3 1/2-1/2

[Event "Quebec-ch Senior"]
[Site "Montreal CAN"]
[Date "2018.04.22"]
[Round "4.9"]
[White "Millette, Sylvain"]
[Black "Dubreuil, Raymond"]
[Result "1/2-1/2"]
[WhiteElo "1695"]
[BlackElo "1507"]
[PlyCount "51"]
[EventDate "2018.04.20"]
[EventType "swiss"]
[EventRounds "5"]
[EventCountry "CAN"]

1. e4 c5 2. d4 cxd4 3. c3 dxc3 4. Nxc3 Nc6 5. Bc4 e6 6. Nf3 d6 7. O-O Nf6 8.
Qe2 Be7 9. Rd1 a6 10. e5 Ng4 11. exd6 Bf6 12. Ne4 O-O 13. Nc5 Nge5 14. Nxe5
Nxe5 15. Bb3 b6 16. Ne4 Nd7 17. Be3 Bb7 18. Nxf6+ Qxf6 19. Rac1 Rac8 20. Rc7
Rxc7 21. dxc7 Nc5 22. Bxc5 bxc5 23. Qd2 Qg6 24. g3 Qe4 25. Kf1 Qh1+ 26. Ke2
1/2-1/2

[Event "Quebec-ch Senior"]
[Site "Montreal CAN"]
[Date "2018.04.22"]
[Round "4.10"]
[White "Giroux, Gilbert"]
[Black "Mangahas, Ronald"]
[Result "0-1"]
[WhiteElo "1305"]
[BlackElo "1938"]
[PlyCount "110"]
[EventDate "2018.04.20"]
[EventType "swiss"]
[EventRounds "5"]
[EventCountry "CAN"]

1. e4 c5 2. c3 d6 3. d4 cxd4 4. cxd4 Nf6 5. Bg5 Nxe4 6. Nf3 Nxg5 7. Nxg5 Qa5+
8. Qd2 Qb6 9. Nc3 e6 10. Bc4 Be7 11. O-O O-O 12. Rfe1 Bxg5 13. Qxg5 Qxd4 14.
Re4 Qc5 15. Qg3 d5 16. Rg4 g6 17. Bd3 Qe7 18. Re1 Qf6 19. Re5 Nc6 20. Reg5 Ne7
21. h4 Kh8 22. h5 Bd7 23. hxg6 fxg6 24. Bxg6 hxg6 25. Rxg6 Nxg6 26. Rxg6 Qxf2+
27. Qxf2 Rxf2 28. Kxf2 Rg8 29. Rf6 Kg7 30. Rf3 Rf8 31. Ke3 Rxf3+ 32. gxf3 Kf6
33. f4 Kf5 34. Ne2 e5 35. fxe5 Kxe5 36. Nd4 Bg4 37. a3 a6 38. b4 Kd6 39. Nb3
Kc6 40. Nd4+ Kb6 41. Kf4 Bh3 42. Ke5 Bg2 43. Kd6 a5 44. Kd7 Bf1 45. Kd6 Bc4 46.
Kd7 axb4 47. axb4 Bb5+ 48. Kd6 Bc6 49. Ke5 Kc7 50. Ke6 b6 51. Nf5 Bd7+ 52. Ke5
Bxf5 53. Kxf5 Kd6 54. Kf4 Ke6 55. Ke3 Ke5 0-1

[Event "Quebec-ch Senior"]
[Site "Montreal CAN"]
[Date "2018.04.22"]
[Round "4.11"]
[White "Bedard, Michel"]
[Black "Pincince, Jacques"]
[Result "0-1"]
[WhiteElo "1610"]
[BlackElo "1506"]
[PlyCount "112"]
[EventDate "2018.04.20"]
[EventType "swiss"]
[EventRounds "5"]
[EventCountry "CAN"]

1. d4 d6 2. Bf4 Nf6 3. Nf3 Nbd7 4. e3 c6 5. c3 b5 6. a4 bxa4 7. Rxa4 Nb6 8. Ra2
Be6 9. Ra1 a5 10. Nbd2 g6 11. h3 Bg7 12. Bd3 O-O 13. Ng5 Nfd5 14. Bh2 Nc7 15.
e4 h6 16. Nxe6 Nxe6 17. O-O Nd7 18. f4 Nc7 19. Qc2 e5 20. dxe5 dxe5 21. f5 Nc5
22. Bc4 Kh7 23. Nf3 Qe7 24. b4 Nb7 25. bxa5 Qc5+ 26. Qf2 Qxc4 27. Qb6 Qc5+ 28.
Qxc5 Nxc5 29. Bxe5 Bxe5 30. Nxe5 Nxe4 31. fxg6+ fxg6 32. Rfe1 Nxc3 33. Nxc6
N3d5 34. Red1 Ra6 35. Nb4 Rd6 36. a6 Rfd8 37. Rdb1 Nxb4 38. Rxb4 Nxa6 39. Rb7+
Kg8 40. Kh2 Nc5 41. Rc7 Ne6 42. Rb7 R6d7 43. Rb6 Nf8 44. Ra3 Kh7 45. Rf3 Kg7
46. h4 h5 47. Rbf6 Nh7 48. Ra6 Rf8 49. Re3 Nf6 50. Kh3 Ng4 51. Re2 Rf1 52. Ree6
Rd3+ 53. g3 Rh1+ 54. Kg2 Rh2+ 55. Kf1 Rd1+ 56. Re1 Rf2+ 0-1

[Event "Quebec-ch Senior"]
[Site "Montreal CAN"]
[Date "2018.04.22"]
[Round "4.12"]
[White "Duplessis, Claude"]
[Black "Bureau, Robert"]
[Result "1/2-1/2"]
[WhiteElo "1530"]
[BlackElo "1410"]
[PlyCount "81"]
[EventDate "2018.04.20"]
[EventType "swiss"]
[EventRounds "5"]
[EventCountry "CAN"]

1. e4 e5 2. Nf3 Nc6 3. Bb5 Nf6 4. O-O Nxe4 5. d4 Nd6 6. Bxc6 dxc6 7. dxe5 Nf5
8. Qxd8+ Kxd8 9. Rd1+ Ke8 10. Nc3 Be6 11. Ng5 Rd8 12. Rxd8+ Kxd8 13. Nxe6+ fxe6
14. Ne4 h6 15. c3 Kc8 16. f4 b6 17. Kf2 Ne7 18. g4 c5 19. h4 Nc6 20. h5 Be7 21.
Be3 Rf8 22. Rg1 Nxe5 23. Ke2 Nc4 24. Bc1 Nd6 25. Ke3 Nxe4 26. Kxe4 Bd6 27. Rf1
Kd7 28. f5 exf5+ 29. Rxf5 Ke6 30. Rxf8 Bxf8 31. c4 Be7 32. b3 c6 33. Bf4 a6 34.
a4 b5 35. Be5 Bf8 36. Bb2 bxa4 37. bxa4 Kf7 38. Kf5 Be7 39. Ba3 Bd6 40. Bb2 Be7
41. Ba3 1/2-1/2

[Event "Quebec-ch Senior"]
[Site "Montreal CAN"]
[Date "2018.04.22"]
[Round "4.13"]
[White "Molloy, Francis"]
[Black "Labadie, Bernard"]
[Result "1-0"]
[WhiteElo "1558"]
[BlackElo "1371"]
[PlyCount "63"]
[EventDate "2018.04.20"]
[EventType "swiss"]
[EventRounds "5"]
[EventCountry "CAN"]

1. Nf3 d5 2. d4 e6 3. c4 Nf6 4. e3 b6 5. b3 Bd6 6. Bd3 Bb7 7. Nbd2 Nbd7 8. O-O
O-O 9. Re1 e5 10. e4 dxe4 11. Nxe4 Nxe4 12. Bxe4 Bxe4 13. Rxe4 f5 14. Bg5 Qe8
15. Re1 Qh5 16. dxe5 Nxe5 17. Qd5+ Kh8 18. Nxe5 Bxe5 19. Rxe5 Qxg5 20. Rae1 c5
21. h3 h5 22. Re7 Qf6 23. Qe5 Qxe5 24. R1xe5 Kh7 25. Rd5 Kg6 26. Rdd7 a6 27.
Rxg7+ Kf6 28. Rh7 Kg5 29. Rd6 Rab8 30. Rg7+ Kh4 31. Kh2 f4 32. g3+ 1-0

[Event "Quebec-ch Senior"]
[Site "Montreal CAN"]
[Date "2018.04.22"]
[Round "5.2"]
[White "Gauthier, Luc"]
[Black "Khassanov, Marat"]
[Result "0-1"]
[WhiteElo "1654"]
[BlackElo "2200"]
[PlyCount "68"]
[EventDate "2018.04.20"]
[EventType "swiss"]
[EventRounds "5"]
[EventCountry "CAN"]

1. e4 c5 2. Nc3 d6 3. f4 Nc6 4. Nf3 g6 5. g3 Bg7 6. d3 Bg4 7. h3 Bxf3 8. Qxf3
Qa5 9. Bd2 Nd4 10. Qd1 e6 11. Bg2 Qc7 12. O-O Ne7 13. Rb1 O-O 14. Ne2 f5 15. c3
Ndc6 16. Be3 Rad8 17. Qc2 Na5 18. Rbc1 Rc8 19. Rfd1 Rfd8 20. b3 b5 21. Qd2 d5
22. e5 c4 23. b4 cxd3 24. Qxd3 Nc4 25. Rb1 Nc6 26. Bc5 a5 27. Nd4 Nxd4 28. Qxd4
axb4 29. Bxb4 Ra8 30. Ra1 Ra4 31. Qc5 Qb7 32. Bf1 Bf8 33. Qd4 Bxb4 34. cxb4
Rxb4 0-1

[Event "Quebec-ch Senior"]
[Site "Montreal CAN"]
[Date "2018.04.22"]
[Round "5.4"]
[White "Mangahas, Ronald"]
[Black "Alcantara, Maximo jr"]
[Result "1/2-1/2"]
[WhiteElo "1938"]
[BlackElo "1746"]
[PlyCount "128"]
[EventDate "2018.04.20"]
[EventType "swiss"]
[EventRounds "5"]
[EventCountry "CAN"]

1. e4 c6 2. d4 d5 3. Nc3 e6 4. Nf3 a6 5. Bd3 g6 6. O-O Bg7 7. exd5 cxd5 8. Re1
Ne7 9. Ne2 b5 10. c3 O-O 11. Ng3 Nbc6 12. Bf4 Bd7 13. Qd2 Rc8 14. Bh6 Na5 15.
Bxg7 Kxg7 16. Ne5 Nc4 17. Qe2 Nxe5 18. Qxe5+ f6 19. Qf4 Qc7 20. Qh4 Rh8 21. Re3
h5 22. Rae1 Qd6 23. Rf3 Rcf8 24. Bc2 a5 25. Nf1 g5 26. Qg3 Qxg3 27. Rxg3 h4 28.
Rge3 Kf7 29. Nd2 a4 30. b3 Rc8 31. Bd3 g4 32. c4 dxc4 33. bxc4 b4 34. d5 e5 35.
Ne4 Rb8 36. c5 Nxd5 37. Bc4 Be6 38. Rd3 Nc7 39. Rd7+ Kf8 40. Bxe6 Nxe6 41. Nxf6
b3 42. axb3 Rxb3 43. c6 Rc3 44. Ra7 Rxc6 45. Rxa4 h3 46. Nd7+ Kg7 47. Rxg4+ Kh7
48. gxh3 Nd4 49. Re3 Rd8 50. Nxe5 Rc1+ 51. Kg2 Nc2 52. Rb3 Ne1+ 53. Kg3 Rc7 54.
Rb6 Rc3+ 55. Kh4 Nf3+ 56. Nxf3 Rxf3 57. Rb7+ Kh8 58. Rbb4 Rxf2 59. Rbf4 Rxh2
60. Kg3 Rdd2 61. Rh4+ Kg7 62. Rhg4+ Kh8 63. Rh4+ Kg7 64. Rhg4+ Kh8 1/2-1/2

[Event "Quebec-ch Senior"]
[Site "Montreal CAN"]
[Date "2018.04.22"]
[Round "5.5"]
[White "Gueorguiev, Valentin"]
[Black "Levasseur, Sylvain"]
[Result "1-0"]
[WhiteElo "1956"]
[BlackElo "1602"]
[PlyCount "45"]
[EventDate "2018.04.20"]
[EventType "swiss"]
[EventRounds "5"]
[EventCountry "CAN"]

1. e4 e5 2. Nc3 Nf6 3. g3 d6 4. Bg2 Nbd7 5. Nge2 Be7 6. O-O O-O 7. d3 Re8 8. f4
exf4 9. gxf4 c6 10. Ng3 Nf8 11. f5 N8d7 12. Kh1 Bf8 13. Bg5 Qc7 14. Rg1 g6 15.
Rf1 Bg7 16. Qd2 Ng4 17. Qf4 Ndf6 18. h4 h5 19. Bf3 Kh7 20. Rg1 Ne5 21. Bxf6
Nxf3 22. Bxg7 Kxg7 23. Nxh5+ 1-0

[Event "Quebec-ch Senior"]
[Site "Montreal CAN"]
[Date "2018.04.22"]
[Round "5.6"]
[White "Baran, Marius"]
[Black "Cote, Claude"]
[Result "0-1"]
[WhiteElo "1838"]
[BlackElo "1581"]
[PlyCount "62"]
[EventDate "2018.04.20"]
[EventType "swiss"]
[EventRounds "5"]
[EventCountry "CAN"]

1. e4 b6 2. d4 Bb7 3. Nc3 e6 4. Bd3 Nf6 5. Nf3 Bb4 6. Qe2 d5 7. e5 Ne4 8. Bd2
Nxd2 9. Qxd2 Ba6 10. a3 Bxd3 11. axb4 Bg6 12. h4 h6 13. b5 Qd7 14. O-O O-O 15.
Qe2 Qe7 16. Ra4 c6 17. bxc6 Nxc6 18. Nb5 Bh5 19. g3 a6 20. Rfa1 a5 21. c3 f6
22. Qe3 Bxf3 23. Qxf3 fxe5 24. Qe2 e4 25. b4 Rf3 26. bxa5 Nxa5 27. c4 Raf8 28.
cxd5 exd5 29. Rf1 e3 30. Ra2 Qd7 31. Kg2 Rxf2+ 0-1

[Event "Quebec-ch Senior"]
[Site "Montreal CAN"]
[Date "2018.04.22"]
[Round "5.7"]
[White "Pincince, Jacques"]
[Black "Michaud, Luc"]
[Result "0-1"]
[WhiteElo "1506"]
[BlackElo "1714"]
[PlyCount "126"]
[EventDate "2018.04.20"]
[EventType "swiss"]
[EventRounds "5"]
[EventCountry "CAN"]

1. e4 e5 2. Bc4 Nf6 3. d3 Bc5 4. Nc3 d6 5. h3 h6 6. Nf3 Nc6 7. a3 a6 8. Bd2 O-O
9. Qc1 b5 10. Ba2 Ne7 11. Ne2 Bb6 12. Ng3 c5 13. Nh4 Bd7 14. f4 Kh7 15. f5 Neg8
16. Nf3 Rc8 17. Ne2 Qc7 18. g4 c4 19. g5 hxg5 20. Nxg5+ Kh8 21. Qd1 Qb7 22. Nc3
Bxf5 23. Rf1 Bg6 24. Qf3 Ne7 25. h4 Bh5 26. Qg3 Qd7 27. Nh3 Qg4 28. Qxg4 Bxg4
29. Nf2 Bh5 30. Ne2 Ng6 31. Ng3 Bd8 32. Bg5 Nf4 33. Nxh5 N4xh5 34. Nh1 cxd3 35.
cxd3 Rc2 36. b4 Bb6 37. Bb1 Rh2 38. Ra2 Rxa2 39. Bxa2 Kg8 40. Bxf6 Nxf6 41. Ng3
Rd8 42. Nf5 Rd7 43. Kd2 g6 44. Ne3 Kg7 45. Rg1 Bxe3+ 46. Kxe3 Rc7 47. Kd2 Nh5
48. Bb3 Nf4 49. Bd1 Kh6 50. Rg3 f6 51. Rg1 Re7 52. Bb3 a5 53. Rc1 axb4 54. axb4
g5 55. hxg5+ fxg5 56. Rh1+ Kg6 57. Rh8 Rg7 58. Rd8 g4 59. Rxd6+ Kh5 60. Bd1 Kg5
61. Rd8 g3 62. Rf8 g2 63. Rf5+ Kh4 0-1

[Event "Quebec-ch Senior"]
[Site "Montreal CAN"]
[Date "2018.04.22"]
[Round "5.8"]
[White "Dubreuil, Raymond"]
[Black "Rabutki, Dimitri"]
[Result "0-1"]
[WhiteElo "1507"]
[BlackElo "1610"]
[PlyCount "54"]
[EventDate "2018.04.20"]
[EventType "swiss"]
[EventRounds "5"]
[EventCountry "CAN"]

1. Nf3 d5 2. c4 e6 3. g3 Bd6 4. b3 c6 5. Bb2 f6 6. Bg2 Ne7 7. O-O O-O 8. Nc3 d4
9. Ne4 c5 10. Ba3 Na6 11. Nxd4 Be5 12. Nxe6 Bxe6 13. Nxc5 Nxc5 14. Bxc5 Bxa1
15. Qxa1 Qc7 16. d4 Rad8 17. Ba3 Rfe8 18. d5 Nxd5 19. cxd5 Bxd5 20. Rc1 Qa5 21.
Rc5 Qd2 22. Bxd5+ Rxd5 23. Rxd5 Qxd5 24. e3 Rd8 25. Qc3 Qf3 26. Qc4+ Kh8 27.
Bd6 Qd1+ 0-1

[Event "Quebec-ch Senior"]
[Site "Montreal CAN"]
[Date "2018.04.22"]
[Round "5.9"]
[White "Duplessis, Claude"]
[Black "Jean, Robert"]
[Result "1/2-1/2"]
[WhiteElo "1530"]
[BlackElo "1763"]
[PlyCount "62"]
[EventDate "2018.04.20"]
[EventType "swiss"]
[EventRounds "5"]
[EventCountry "CAN"]

1. e4 c5 2. Nc3 Nc6 3. g3 d6 4. Bg2 g6 5. d3 Bg7 6. Be3 Nh6 7. h3 f5 8. Qd2 Nf7
9. Nge2 e6 10. O-O O-O 11. Rab1 Rb8 12. exf5 gxf5 13. Nf4 Bd7 14. a3 Nce5 15.
b4 b6 16. Nh5 Bh8 17. bxc5 dxc5 18. Ne2 Qe7 19. Kh2 Rfd8 20. Ng1 Be8 21. Qc1
Bc6 22. Bxc6 Nxc6 23. Nf3 Rbc8 24. Re1 Qd7 25. Bg5 Qd5 26. Nh4 Re8 27. Nf6+
Bxf6 28. Bxf6 Ne7 29. Qf4 Qd7 30. c4 Ng6 31. Nxg6 hxg6 1/2-1/2

[Event "Quebec-ch Senior"]
[Site "Montreal CAN"]
[Date "2018.04.22"]
[Round "5.11"]
[White "Bureau, Robert"]
[Black "Lamoureux, Yvon"]
[Result "0-1"]
[WhiteElo "1410"]
[BlackElo "1698"]
[PlyCount "110"]
[EventDate "2018.04.20"]
[EventType "swiss"]
[EventRounds "5"]
[EventCountry "CAN"]

1. e4 e6 2. d4 d5 3. Nc3 Bb4 4. e5 c5 5. a3 Bxc3+ 6. bxc3 Qc7 7. Qg4 f5 8. exf6
Nxf6 9. Qf4 Qxf4 10. Bxf4 c4 11. Be2 Ne4 12. Bd2 O-O 13. f3 Nxd2 14. Kxd2 Nc6
15. g3 e5 16. dxe5 Nxe5 17. f4 Ng4 18. Bxg4 Bxg4 19. Ne2 Bxe2 20. Kxe2 Rfe8+
21. Kd2 Kf7 22. Rhe1 Kf6 23. g4 Rad8 24. Rxe8 Rxe8 25. h4 Re4 26. Rf1 b5 27.
Kd1 g6 28. Rf3 h5 29. gxh5 gxh5 30. Rg3 Rxf4 31. Rg5 Rf5 32. Rg8 Ke5 33. Ke2
Kf4 34. Rg7 Re5+ 35. Kd2 Kf5 36. Rxa7 Kg4 37. Rb7 Kxh4 38. Rxb5 Kg3 39. Rb6 h4
40. a4 d4 41. cxd4 Ra5 42. Rg6+ Kf2 43. Rf6+ Kg3 44. Ke3 Rxa4 45. Rg6+ Kh2 46.
Kf2 h3 47. d5 Ra2 48. Rh6 Rxc2+ 49. Kf3 Rd2 50. Kg4 Rd4+ 51. Kf3 Rd2 52. Kg4
Kg2 53. d6 h2 54. Kg5 h1=Q 55. Rxh1 Kxh1 0-1